| 000 | 01806nam a2200301 i 4500 | ||
|---|---|---|---|
| 001 | 44261 | ||
| 003 | ES-MaACL | ||
| 005 | 20230906161005.0 | ||
| 007 | t| | ||
| 008 | 030321s1968 sp ||||1| spa d | ||
| 245 | 0 | 0 |
_aCiencia-ficción inglesa _b: (obras escogidas) / _cprólogo de Salvador Bordoy Luque. |
| 260 |
_a[Madrid] : _bAguilar, _c1968. |
||
| 300 |
_a3 v. ; _c17 cm. |
||
| 505 | 8 | _aContiene: V.I.: Galaxias como granos de arena /Brian Aldiss. En el lento morir de la tierra / Brian Aldiss. Viaje sin término / Brian Aldiss ; traducción Manuel de la Escale. El vigésimo séptimo día / John Mantley. Los liberados / Dan Morgan ; traducción de Mª del Carmen Vázquez. -- V. II.: Las voces del tiempo / J. G. Ballard ; traducción por José Calvo Moreno. El mundo sumergido / J. G. Ballard ; traducción por Manuel G. Volpini. Billenium / J. G. Ballard ; traducción por Enrique Agut. Arthur Selling : telepatia / J. G. Ballard ; traducción por Enrique Agut. Hoy es el futuro / F. G. Rayer ; traducción por Alberto Levenfeld. -- V. III.: Acceso al mañana. Acceso a las estrellas. Acceso a otros mundos. Acceso al futuro. No hay lugar como la tierra / E.J. Carnell, seleccionador ; traducción del inglés por Alberto Levenfeld y José Calvo Moreno. | |
| 700 | 1 |
_aBordoy Luque, Salvador. _930424 |
|
| 700 | 1 |
_aAldiss, Brian W. _919645 |
|
| 700 | 1 |
_aEscale, Manuel de la. _947478 |
|
| 700 | 1 |
_aMantley, John. _976169 |
|
| 700 | 1 |
_aMorgan, Dan. _983512 |
|
| 700 | 1 |
_aVázquez, María del Carmen. _9113378 |
|
| 700 | 1 |
_aBallard, J.G. _924971 |
|
| 700 | 1 |
_aCalvo Moreno, José. _933899 |
|
| 700 | 1 |
_aVolpini, Manuel G. _9115718 |
|
| 700 | 1 |
_aAgut, Enrique. _918924 |
|
| 700 | 1 |
_aRayer, F. G. _995625 |
|
| 700 | 1 |
_aLevenfeld, Alberto. _971928 |
|
| 852 |
_aES-MaACL _jP-1334-bis _bR.66687 |
||
| 999 |
_c44261 _d44261 |
||